Billboard Hot 100 #1 Hits of 1998 - Statistics

General Stats
  • This quiz has been taken 12 times
  • The average score is 31 of 52
Answer Stats
Issue Date #1 Hit Artist % Correct
January 3 Candle in the Wind 1997 /Something About the Way You Look Tonight Elton John
88%
January 10 Candle in the Wind 1997 /Something About the Way You Look Tonight Elton John
88%
March 14 Gettin' Jiggy wit It Will Smith
88%
March 21 Gettin' Jiggy wit It Will Smith
88%
March 28 Gettin' Jiggy wit It Will Smith
88%
September 5 I Don't Want to Miss a Thing Aerosmith
88%
September 12 I Don't Want to Miss a Thing Aerosmith
88%
September 19 I Don't Want to Miss a Thing Aerosmith
88%
September 26 I Don't Want to Miss a Thing Aerosmith
88%
February 28 My Heart Will Go On Céline Dion
88%
March 7 My Heart Will Go On Céline Dion
88%
October 17 One Week Bearnaked Ladies
88%
June 6 The Boy Is Mine Brandy & Monica
75%
June 13 The Boy Is Mine Brandy & Monica
75%
June 20 The Boy Is Mine Brandy & Monica
75%
June 27 The Boy Is Mine Brandy & Monica
75%
July 4 The Boy Is Mine Brandy & Monica
75%
July 11 The Boy Is Mine Brandy & Monica
75%
July 18 The Boy Is Mine Brandy & Monica
75%
July 25 The Boy Is Mine Brandy & Monica
75%
August 1 The Boy Is Mine Brandy & Monica
75%
August 8 The Boy Is Mine Brandy & Monica
75%
August 15 The Boy Is Mine Brandy & Monica
75%
August 22 The Boy Is Mine Brandy & Monica
75%
August 29 The Boy Is Mine Brandy & Monica
75%
November 14 Doo Wop (That Thing) Lauryn Hill
63%
November 21 Doo Wop (That Thing) Lauryn Hill
63%
January 17 Truly Madly Deeply Savage Garden
50%
January 24 Truly Madly Deeply Savage Garden
50%
April 4 All My Life K-Ci & JoJo
38%
April 11 All My Life K-Ci & JoJo
38%
April 18 All My Life K-Ci & JoJo
38%
December 5 I'm Your Angel R. Kelly & Céline Dion
38%
December 12 I'm Your Angel R. Kelly & Céline Dion
38%
December 19 I'm Your Angel R. Kelly & Céline Dion
38%
December 26 I'm Your Angel R. Kelly & Céline Dion
38%
November 28 Lately Divine
38%
February 14 Nice & Slow Usher
38%
February 21 Nice & Slow Usher
38%
October 3 The First Night Monica
38%
October 10 The First Night Monica
38%
October 24 The First Night Monica
38%
October 31 The First Night Monica
38%
November 7 The First Night Monica
38%
January 31 Together Again Janet
38%
February 7 Together Again Janet
38%
April 25 Too Close Next
38%
May 2 Too Close Next
38%
May 9 Too Close Next
38%
May 16 Too Close Next
38%
May 30 Too Close Next
38%
May 23 My All Mariah Carey
25%
No matching quizzes found
Score Distribution
Percent of People with Each Score
Percentile by Number Answered
Your Score History
You have not taken this quiz